000 00377nam a2200157Ia 4500
008 230524s9999 xx 000 0 und d
082 _a621.19
_bKUM
100 _aT.Anil Kumar
245 0 _aNetworks and Transmission Lines
250 _a1ST
260 _aNEW DELHI
_bPearson
_c2004
300 _a234
500 _aQuantity Number: 2
650 _aElectronics
942 _cBK
999 _c17735
_d17735